Právna zodpovednosť členov predstavenstva akciovej spoločnosti

Predstavenstvo ako štatutárny orgán akciovej spoločnosti a jeho výkonná právomoc. Zodpovednosť za škodu podľa Občianskeho zákonníka. Obchodnoprávne sankcie. Pracovnoprávna zodpovednosť.

Na minha lista:
Detalhes bibliográficos
Autor principal: Kosnáčová, Lenka
Formato: Capítulo de Livro
Idioma:eslovaco
Assuntos:
Tags: Adicionar Tag
Sem tags, seja o primeiro a adicionar uma tag!

MARC

LEADER 00000naa a2200000 4500
001 0135220
005 20231103072730.8
041 0 |a slo 
044 |a SK 
245 1 0 |a Právna zodpovednosť členov predstavenstva akciovej spoločnosti  |c Lenka Kosnáčová 
520 |a Predstavenstvo ako štatutárny orgán akciovej spoločnosti a jeho výkonná právomoc. Zodpovednosť za škodu podľa Občianskeho zákonníka. Obchodnoprávne sankcie. Pracovnoprávna zodpovednosť. 
610 2 0 |a spoločnosti akciové 
610 2 0 |a predstavenstvo 
610 2 0 |a právo obchodné 
610 2 0 |a zákonník občiansky 
610 2 0 |a zodpovednosť za škody 
610 2 0 |a zmluvy pracovné 
610 2 0 |a zákonník práce 
610 2 0 |a osoby fyzické 
610 2 0 |a osoby právnické 
610 2 0 |a konkurencia 
100 1 |a Kosnáčová, Lenka